1551 1324 1100 1143 1511 1528 1347 1639 1911 1932 1081 1780 1238 1021 1026 1920 1866 1573 1196 1716 1922 1464 1481 1026 1859 1518 1055 1755 1684 1644 1451 1289 1808 1282 1578 1711 1241 1768 1277 1112 1754 1074 1928 1102 1606 1323 1310 1373 1474 1120 1652 1551 1004 1615 1114 1417 1357 1677 1321 1898 1526 1984 1833 1953 1011 1358 1905 1557 1228 1191 1899 1210 1099 1541 1666 1347 1659 1027 1688 1797 1053 1364 1064 1868 1092 1635 1667 1247 1732 1186 1227 1590 1865 1376 1597 1252 1328 1609 1537 BCNSPRNW ULIB Ver.6.0+V

เปลี่ยนเป็นภาษาไทย

Change to English
 แสดงรายละเอียดบรรณานุกรม
  กลับหน้าหลัก

Brief Record : Get Marc (ISO 2709) : E-mail record : QR code < ปิดหน้าต่าง
LEADER : 00000nam 2200000uu 4500
001    13399125206
003     ULIB
008    161110s2545||||th 000 0 tha d
020    0741421583
099    ^aวพ.WQ248^bป164ค
100    ^aนางสาวปภาวดี อินทิปัยญา
245    ^aความสัมพันธ์ระหว่างปัจจัยส่วนบุคคล แบบแผนดำเนินชีวิตกับผลลัพธ์ทางสุขภาพในหญิงที่เป็นเบาหวานจากการตั้งครรภ์/^cนางสาวปภาวดี อินทิปัยญา
260    ^aรุงเทพฯ :^bคณะพยาบาลศาสตร์ จุฬาลงกรณ์มหาวิทยาลัย ,^c2548
300    ^a152 หน้า;^b29 ซม.
650    ^aสตรีตั้งครรภ์^xเบาหวาน^yวิทยานิพนธ์
700 0  ^aนางสาวปภาวดี อินทิปัยญา
945    ^p0^l0^i001478
999    ^aวรรณษา ชูชัยมงคล
รายการนี้ยังไม่มีแท็ก
คุณยังไม่ได้ล็อกอิน คุณสามารถมีกิจกรรมร่วมกับเว็บไซต์ได้ แต่ต้องล็อกอินก่อน ::
  ล็อกอิน

รายการสื่อสารสนเทศ

ลำดับที่ ประเภท เลขเรียก/บาร์โค้ด สถานที่ สถานะ
1. วิทยานิพนธ์
วิทยานิพนธ์
วพ.WQ248 ป164ค ฉ.1 
  Barcode: 001478
ห้องสมุดวิทยาเขตสวรรค์ประชารักษ์
► วิทยานิพนธ์
บนชั้น

BibComment


ยังไม่เคยถูกคอมเมนท์

คอมเมนท์ทรัพยากรรายการนี้
  คอมเมนท์: ความสัมพันธ์ระหว..


 Copyright 2026. Bcnsprnw @Library